Rozpoznaj kierowcę F1 po jego numerze - Statystyki

Ogólne statystyki
  • Ten quiz został rozwiązany 23 razy
    7 od ostatniego zresetowania
  • Średni wynik to 15 z 22
Statystyki odpowiedzi
Numer: Kierowca: % Poprawnych
23 Alexander Albon
100%
1 Lando Norris
100%
3 Max Verstappen
100%
16 Charles Leclerc
83%
12 Kimi Antonelli
83%
44 Lewis Hamilton
83%
55 Carlos Sainz
67%
14 Fernando Alonso
67%
63 George Russell
67%
6 Isack Hadjar
67%
18 Lance Stroll
67%
87 Oliver Bearman
67%
81 Oscar Piastri
67%
10 Pierre Gasly
67%
77 Valtteri Bottas
67%
5 Gabriel Bortoleto
50%
30 Liam Lawson
50%
27 Nico Hulkenberg
50%
11 Sergio Perez
50%
41 Arvid Lindblad
33%
31 Esteban Ocon
33%
43 Franco Colapinto
33%
Nie znaleziono quizów pasujących do podanych kryteriów
Rozkład punktacji
Procent ludzi z każdym wynikiem
Percentyl według liczby udzielonych odpowiedzi
Twoja historia wyników
Nie rozwiązałeś tego quizu od ostatniego zresetowania